000
00253nam a22001217a 4500
040
_c
HS
082
_a
319
100
_a
NA
245
_a
annual household crop production survey milestone m1.9.2
260
_a
NA
_b
NA
_c
2002
300
_a
22p;
942
_c
EK
999
_c
9651
_d
9651